Teoretické prístupy k motivácii spoločností vykazovať nepravdivé informácie o svojej finančnej situácii

Pochopenie motivácie konania je účinnou technikou umožňujúcou odhalenie a nastavenie dostatočných opatrení v boji proti podvodov v účtovníctve. Podvod verzus chyba v účtovníctve. Motivácia spoločností k podvodom v účtovníctve. Finančná motivácia k podvodom v účtovníctve. Nefinančná motivácia k podvo...

Descrizione completa

Salvato in:
Dettagli Bibliografici
Autore principale: Šepeľová, Jaroslava, 1993-
Natura: Capitolo di libro
Lingua:slovacco
Soggetti:
Tags: Aggiungi Tag
Nessun Tag, puoi essere il primo ad aggiungerne!!

MARC

LEADER 00000naa$a2200000$$$4500
001 0251970
005 20240502074036.1
041 0 |a slo 
044 |a SK 
245 1 0 |a Teoretické prístupy k motivácii spoločností vykazovať nepravdivé informácie o svojej finančnej situácii  |c Jaroslava Šepeľová 
520 |a Pochopenie motivácie konania je účinnou technikou umožňujúcou odhalenie a nastavenie dostatočných opatrení v boji proti podvodov v účtovníctve. Podvod verzus chyba v účtovníctve. Motivácia spoločností k podvodom v účtovníctve. Finančná motivácia k podvodom v účtovníctve. Nefinančná motivácia k podvodom v účtovníctve. 
610 2 0 |a účtovníctvo 
610 2 0 |a účtovanie 
610 2 0 |a výkazy finančné 
610 2 0 |a podvody 
610 2 0 |a firmy 
610 2 0 |a motivácia 
100 1 |a Šepeľová, Jaroslava, 1993-